EDUCATIONAL RESEARCH -TAKING THE PLUNGE (Record no. 216643)

MARC details
000 -LEADER
fixed length control field 00485nam a22001817a 4500
008 - FIXED-LENGTH DATA ELEMENTS--GENERAL INFORMATION
fixed length control field 260225b |||||||| |||| 00| 0 eng d
020 ## - INTERNATIONAL STANDARD BOOK NUMBER
International Standard Book Number 978-178135240-3
050 ## - LIBRARY OF CONGRESS CALL NUMBER
Classification number LB 1028.W66 2016
100 ## - MAIN ENTRY--PERSONAL NAME
Personal name WOOD PHIL
245 ## - TITLE STATEMENT
Title EDUCATIONAL RESEARCH -TAKING THE PLUNGE
260 ## - PUBLICATION, DISTRIBUTION, ETC.
Place of publication, distribution, etc. LONDON
Name of publisher, distributor, etc. INDEPENDENT THINKING PRESS
Date of publication, distribution, etc. 2016
300 ## - PHYSICAL DESCRIPTION
Extent X,149
500 ## - GENERAL NOTE
General note INCLUDES AN INDEX
650 ## - SUBJECT ADDED ENTRY
Topical term or geographic name entry element Education research
700 ## - ADDED ENTRY--PERSONAL NAME
Personal name SMITH JOAN
942 ## - ADDED ENTRY ELEMENTS (KOHA)
Source of classification or shelving scheme Library of Congress Classification
Koha item type Long Loan Book
Holdings
Withdrawn status Lost status Source of classification or shelving scheme Damaged status Not for loan Collection Home library Current library Shelving location Date acquired Inventory number Total checkouts Full call number Barcode Date last seen Copy number Price effective from Koha item type
    Library of Congress Classification     Arts & Social Sciences Kisii University Library Kisii University Library On Display 02/25/2026 111277   LB 1028.W66 2016 a001104 02/25/2026 C.5 02/25/2026 Long Loan Book
    Library of Congress Classification     Arts & Social Sciences Kisii University Library Kisii University Library On Display 02/25/2026 111276   LB 1028.W66 2016 a001101 02/25/2026 C.4 02/25/2026 Long Loan Book
    Library of Congress Classification     Arts & Social Sciences Kisii University Library Kisii University Library On Display 02/25/2026 111275   LB 1028.W66 2016 a001102 02/25/2026 C.3 02/25/2026 Long Loan Book
    Library of Congress Classification     Arts & Social Sciences Kisii University Library Kisii University Library On Display 02/25/2026 111274   LB 1028.W66 2016 a001099 02/25/2026 C.2 02/25/2026 Long Loan Book
    Library of Congress Classification     Arts & Social Sciences Kisii University Library Kisii University Library On Display 02/25/2026 111273   LB 1028.W66 2016 a001100 02/25/2026 C.1 02/25/2026 Long Loan Book